| 000 | 00561nam a2200145 4500 | ||
|---|---|---|---|
| 001 | 7909 | ||
| 005 | 20181127184639.0 | ||
| 020 | 0 | 0 | _a9780670089208 |
| 100 | 0 | 0 | _aMahurkar, Uday. |
| 245 | 0 | 0 |
_aMarching with a billion : _banalysing Narendra Modi's government at midterm / _cUday Mahurkar ; foreword by Klaus Schwab. _h |
| 300 | 0 | 0 | _axliv, 234 pages, 16 unnumbered pages of plates : color illustrations ; 23 cm. |
| 650 |
_aIndia -- Politics and government -- 21st century. _v _x _y _z _2 |
||
| 650 | 0 | 0 |
_aIndia -- Economic conditions. _x |
| 650 | 0 | 0 |
_aModi, Narendra, -- 1950- _x |
| 999 |
_c6796 _d6796 |
||